Normal view MARC view
  • Reyes Heroles, Federico,

Entry Nombre Personal

Number of records used in: 7

001 - NUMERO DE CONTROL

  • campo de control: 29586

003 - IDENTIFICADOR DE NUMERO DE CONTROL

  • campo de control: UPN

005 - FECHA Y HORA DE LA ÜLTIMA TRANSACCIÓN

  • campo de control: 20210219194405.0

008 - DATOS DE LONGITUD FIJA

  • campo de control de longitud fija: nabaccnnaabn|||||||||| b |nc|||||d

035 ## - NUMERO DE CONTROL

  • Número de control: UPN11000001692

040 ## - FUENTE DE CATALOGACIÓN

  • Lenguaje de catalogación: SPA
  • Agencia de transcripción: UPN

100 1# - ENCABEZAMIENTO - NOMBRE PERSONAL

  • Nombre personal: Reyes Heroles, Federico,
  • Fechas asociadas con el nombre: 1955-

400 1# - VEÁSE - NOMBRE DE PERSONA

  • Personal name: Reyes Heroles González-Garza, Federico,
  • Dates associated with a name: 1955-

670 ## - FUENTE EN LA QUE SE LOCALIZARON DATOS

  • Cita de la fuente: Wikipedia
  • Información localizada: Diálogos para la reforma de la UNAM

680 ## - NOTA PUBLICA DE ACCESO PÚBLICO

  • Encabezamiento o subdivisión: Escritor y analista político mexicano

902 ## - CATALOGADOR

  • Catalogador: DAA/160608